00496nam a2200193 a 4500001001300000003000900013005001700022008004100039020001300080082001500093100002200108245003100130260004000161300000900201500003500210505001300245650002200258700002200280nice12345678IN_TiNIC20260116015143.0050524s0000 newa grp 000 0 eng  ac105.7500a269.2bWIL aWilson, J Christy aChristian Message to Islam aNew YorkbFleming Revelle Co.c0000 a189p aincludes index and biblioraphy2 aGlossary aEvangelistic Work1 aWilson, J Christy